Statistics for EU4 General Knowledge

Click here to take the quiz!

General Stats

  • This quiz has been taken 314 times
  • The average score is 6 of 21

Answer Stats

HintAnswer% Correct
Country That Starts With Most SubjectsMing
79%
Only African Great PowerMamluks
78%
Only East Slavic RepublicNovgorod
69%
Country That Starts With Most Non-Tributary SubjectsTimurids or Muscovy
60%
Country Other Than Ottomans With Ottoman GovernmentRûm
49%
Country That Starts With Most PU SubjectsBurgundy
46%
Province #1Stockholm
40%
Roman Empire -> Own Mediterranean Sea Provinces + A Few Others AchievementMare Nostrum
36%
Condottieri DLCMare Nostrum
36%
Poland's Only Highland FortKraków
34%
The Country With Access To Said BonusYuan
24%
Non-Tributary Subject Country With Most DevelopmentTransoxiana
23%
Albania's Only Mountain ProvinceLezhë
17%
Province #151Constantinople
14%
Girin's Only Direct Upstream NodeCalifornia
10%
Turkish Muslim Republic Ruler TitleVizier
5%
The Type Of Bonus Of Said EffectNational Idea
2%
Twelfth HRE ReformNone
2%
The Effects Of "Dai Zai Qian Yuan"-25% Core Creation Cost
1%
Claim Thrones RequirementMore Prestige, Royal Marriage, Same Dynasty
1%
The way to get -4 terrain dice roll malusNaval Land Into Mountains
1%

Score Distribution

Percentile by Number Answered

Percent of People with Each Score

Your Score History

You have not taken this quiz